A search for the spiritual : (Record no. 8948)
[ view plain ]
| 000 -LEADER | |
|---|---|
| fixed length control field | 01221cam a2200277Ia 4500 |
| 001 - CONTROL NUMBER | |
| control field | 320266604 |
| 003 - CONTROL NUMBER IDENTIFIER | |
| control field | OCoLC |
| 005 - DATE AND TIME OF LATEST TRANSACTION | |
| control field | 20241126110702.0 |
| 008 - FIXED-LENGTH DATA ELEMENTS--GENERAL INFORMATION | |
| fixed length control field | 090505s1998 miua b 000 0 eng d |
| 020 ## - INTERNATIONAL STANDARD BOOK NUMBER | |
| International Standard Book Number | 0913367141 |
| 020 ## - INTERNATIONAL STANDARD BOOK NUMBER | |
| International Standard Book Number | 9780913367148 |
| 035 ## - SYSTEM CONTROL NUMBER | |
| System control number | (OCoLC)320266604 |
| 040 ## - CATALOGING SOURCE | |
| Original cataloging agency | SGB |
| Transcribing agency | SGB |
| Modifying agency | HNW |
| -- | JSG |
| -- | CIRBC |
| 050 14 - | |
| -- | BT1102 |
| -- | .W4765 1998 |
| 082 ## - DEWEY DECIMAL CLASSIFICATION NUMBER | |
| Classification number | 239 |
| Item number | WHI |
| 092 0# - LOCALLY ASSIGNED DEWEY CALL NUMBER (OCLC) | |
| Classification number | 239 |
| Item number | W5852 |
| 100 1# - MAIN ENTRY--PERSONAL NAME | |
| Personal name | White, James Emery, |
| Dates associated with a name | 1961- |
| 9 (RLIN) | 6449 |
| 245 12 - TITLE STATEMENT | |
| Title | A search for the spiritual : |
| Remainder of title | exploring real Christianity / |
| Statement of responsibility, etc. | James Emery White. |
| 250 ## - EDITION STATEMENT | |
| Edition statement | Billy Graham Evangelistic Association ed. |
| 260 ## - PUBLICATION, DISTRIBUTION, ETC. | |
| Place of publication, distribution, etc. | Grand Rapids, Mich. : |
| Name of publisher, distributor, etc. | Baker Books, |
| Date of publication, distribution, etc. | 1998. |
| 300 ## - PHYSICAL DESCRIPTION | |
| Extent | 153 p. : |
| Other physical details | ill. ; |
| Dimensions | 22 cm. |
| 504 ## - BIBLIOGRAPHY, ETC. NOTE | |
| Bibliography, etc. note | Includes bibliographical references (p. 137-153). |
| 505 0# - FORMATTED CONTENTS NOTE | |
| Formatted contents note | The benefits of becoming a seeker -- How to explore Christianity authentically -- Is somebody out there? -- What is God like? -- Why the life of Jesus matters -- Why the death of Jesus matters -- The Bible -- Why is there so much suffering? -- There can't be only one way -- Disappointment with Christians -- But will it work? -- Stop signs for seekers -- When the search is over. |
| 650 #0 - SUBJECT ADDED ENTRY--TOPICAL TERM | |
| Topical term or geographic name entry element | Apologetics. |
| 9 (RLIN) | 85 |
| 942 ## - ADDED ENTRY ELEMENTS (KOHA) | |
| Source of classification or shelving scheme | Dewey Decimal Classification |
| Koha item type | Books |
| Koha issues (borrowed), all copies | 7 |
| Withdrawn status | Lost status | Source of classification or shelving scheme | Damaged status | Not for loan | Home library | Current Library | Shelving location | Date acquired | Total checkouts | Total renewals | Full call number | Barcode | Date last seen | Date last checked out | Copy number | Price effective from | Koha item type |
|---|---|---|---|---|---|---|---|---|---|---|---|---|---|---|---|---|---|
| Dewey Decimal Classification | GRACE BIBLE COLLEGE | GRACE BIBLE COLLEGE | Theology | 2022-02-03 | 7 | 1 | 239 WHI | 005170 | 2025-05-01 | 2024-09-03 | c.1 | 2022-02-03 | Books |